00867nam a2200265 i 4500001001000000003000900010005001700019007000300036008004100039040003000080041000800110082002400118100004300142245003500185246003000220250002200250264007400272300004500346336002700391337003300418338002800451500007100479650002400550650002700574000046295DO-SdBNP20250718113449.0ta150716s1982 dr a r 000 0 spa d aDO-SdBNPbspacBNPHUerda aspa 4aRD861.44bB663a2221 aBobadilla, José,d1955-eautor4aut.10aAbalorios /cJosé Bobadilla.13aAbalorios (circunstancia) aPrimera edición 4aSanto Domingo, República Dominicana : bEditora Corripio,c©1982. a151 páginas :bilustraciones ;c20 cm. atextobtxt2rdacontent asin mediaciónbn2rdamedia avolumenbnc2rdacarrier aIncluye datos biográficos del autor en la solapa de la cubierta. 4aPoesía dominicana 0aLiteratura dominicana.